| 000 | 00685nac a22001571u 4500 | ||
|---|---|---|---|
| 008 | 080916s2004 xxu||||| |||| 00| 0 ara d | ||
| 020 | _a9953360898 | ||
| 082 |
_a301.20956 _bج ل ا |
||
| 245 |
_aالواقعية الجديدة في الفكر العربي : _bالمشروع الفكري للأنصاري نموذجا / _cمحمد نعمان جلال |
||
| 260 |
_aبيروت : _bالمؤسسة العربية للدراسات والنشر ،2004 _c2004. |
||
| 300 |
_a361 ص ؛ _c24 سم. |
||
| 500 | _aيحتوي علي فهارس | ||
| 511 | _aCatalogued by: Sara | ||
| 651 |
_921475 _aالعالم العربي _xالأحوال الثقافية |
||
| 942 |
_cBB _k301.0956 ج ل ا _2ddc |
||
| 999 |
_c5705 _d5705 |
||